000 00774nam a2200229Ia 4500
003 GCL
008 140319s9999 xx 000 0 ara d
020 _a4339409960
040 _aGCL /
_cGCL
082 0 4 _a612
_bب س
100 1 _aبالمر، جون د .
245 1 0 _aالساعة الحية :
_bمنسقة الايقاع الحيوى /
_cبالمر، جون د .
700 1 _aسامر عبدالمحسن الايوبى
260 _aالرياض :
_bمكتبة العبيكان ،
_c2004
300 _a310 ص ؛
_c20 سم
650 0 4 _aالفسيولوجيا
650 0 4 _aالكيمياء الفسيولوجية
650 0 4 _aالفسيولوجيا الطبية
650 0 4 _aالجسد البشرى
650 0 4 _aالاحياء - علم
942 _2ddc
_cBK
999 _c7929
_d7929